000 00941nam a22003017a 4500
001 BR2017002263
003 BR-BrBNA
005 20230928105132.0
007 ta
008 230509b bl.||||| |||| 00| 0 por d
040 _aBR-BrBNA
_bpor
_cBiblioteca Nacional de Agricultura
041 _a(Por)
072 _aP06
090 _ P06 BR2017002263
100 1 _aLacerda, L.C.T.
110 1 _aUniversidade Federal de Lavras, MG (Brasil)
_0Tese (Mestrado)
245 1 _aParâmetros estruturais e termodinâmicos de um catalisador bifuncional para desidratação oxidativa do glicerol em ácido acrílico
260 3 _aLavras, MG (Brasil):
_c2016.
300 _a63p.
500 _aSummaries (Eng, Por); Several bibliography; 14 illus.
650 _aBIOCOMBUSTÍVEL
650 _aÓLEO DIESEL
650 _aGLICERINA
650 _aDESIDRATAÇÃO
650 _aCATALISADOR
909 _a202309
_bLucia
_c55
_dLucia Elande
942 _cBK
999 _c83613
_d83613